| 000 | 00897nab a2200277 4500 | ||
|---|---|---|---|
| 003 | BR-BrBNA | ||
| 005 | 20250714145248.0 | ||
| 008 | 250714b bl.||||| |||| 00| 0 por d | ||
| 040 |
_aBR-BrBNA _bpor |
||
| 072 |
_aK10 ; Q02 ; K50 ; F30 ; E20 ; E70 ; E71 _b2110 ; 9917 |
||
| 100 | _aSavanachi, Eduardo | ||
| 245 |
_aA fantástica floresta de chocolate _bAgronegócios |
||
| 500 | _a7 illus. | ||
| 650 | _aCACAUICULTURA | ||
| 650 | _aGENÉTICA VEGETAL | ||
| 650 | _aCLONAGEM | ||
| 650 | _aVARIEDADE | ||
| 650 | _aCACAU | ||
| 650 | _aCHOCOLATE | ||
| 650 | _aPROCESSAMENTO | ||
| 650 | _aCOMERCIALIZAÇÃO | ||
| 650 | _aEXPORTAÇÃO | ||
| 773 | 0 |
_01706 _9347918 _dSão Paulo-SP Editora Três Ltda - E-mail: luizfsa@revistadinheiro.com.br 2004 _o2025-0417 _tDinheiro Rural (Brazil) _x1807-3700 _gv. 6(70) p. 66-70; (Aug 2010) _wBR2025003786 |
|
| 942 | _cANA | ||
| 999 |
_c333053 _d333053 |
||